Dynamic Fleet Management Concepts, Systems, Algorithms & Case Studies /

Dynamic Fleet Management will focus on real time management of a distribution system. This means that when a dynamic event occurs within the distribution chain, action must be taken in "real-time." The book will integrate the latest results in system design, algorithm development and syste...

Full description

Bibliographic Details
Corporate Author: SpringerLink (Online service)
Other Authors: Zeimpekis, Vasileios (Editor), Tarantilis, Christos D. (Editor), Giaglis, George M. (Editor), Minis, Ioannis (Editor)
Format: Electronic eBook
Language:English
Published: Boston, MA : Springer US, 2007.
Series:Operations Research/Computer Science Interfaces Series, 38
Subjects:
Online Access:Full Text via HEAL-Link
LEADER 03945nam a22006495i 4500
001 978-0-387-71722-7
003 DE-He213
005 20151204150435.0
007 cr nn 008mamaa
008 100301s2007 xxu| s |||| 0|eng d
020 |a 9780387717227  |9 978-0-387-71722-7 
024 7 |a 10.1007/978-0-387-71722-7  |2 doi 
040 |d GrThAP 
050 4 |a HD28-70 
072 7 |a KJC  |2 bicssc 
072 7 |a BUS041000  |2 bisacsh 
082 0 4 |a 658.4092  |2 23 
245 1 0 |a Dynamic Fleet Management  |h [electronic resource] :  |b Concepts, Systems, Algorithms & Case Studies /  |c edited by Vasileios Zeimpekis, Christos D. Tarantilis, George M. Giaglis, Ioannis Minis. 
264 1 |a Boston, MA :  |b Springer US,  |c 2007. 
300 |a XIV, 242 p. 78 illus.  |b online resource. 
336 |a text  |b txt  |2 rdacontent 
337 |a computer  |b c  |2 rdamedia 
338 |a online resource  |b cr  |2 rdacarrier 
347 |a text file  |b PDF  |2 rda 
490 1 |a Operations Research/Computer Science Interfaces Series,  |x 1387-666X ;  |v 38 
505 0 |a Planned Route Optimization For Real-Time Vehicle Routing -- Classification Of Dynamic Vehicle Routing Systems -- Dynamic And Stochastic Vehicle Routing In Practice -- A Parallelizable And Approximate Dynamic Programming-Based Dynamic Fleet Management Model With Random Travel Times And Multiple Vehicle Types -- Integrated Model For The Dynamic On-Demand Air Transportation Operations -- An Intermodal Time-Dependent Minimum Cost Path Algorithm -- Real-Time Emergency Response Fleet Deployment: Concepts, Systems, Simulation & Case Studies -- Vehicle Routing And Scheduling Models, Simulation And City Logistics -- Dynamic Management Of A Delayed Delivery Vehicle In A City Logistics Environment -- Real-Time Fleet Management At Ecourier Ltd. 
520 |a Dynamic Fleet Management will focus on real time management of a distribution system. This means that when a dynamic event occurs within the distribution chain, action must be taken in "real-time." The book will integrate the latest results in system design, algorithm development and system implementation, to capture the state-of-the art research and application trends. While much of the research in this area of transportation problems have almost exclusively concentrated on carrying out static plans on optional distribution conditions, this book will examine those problems when some dynamic or unplanned even occurs within the transport or network system. It will focus specifically on these cases and integrate the latest results in systems, routing algorithms and case studies where information (a dynamic event) is revealed to the decision maker in a real-time manner. 
650 0 |a Business. 
650 0 |a Leadership. 
650 0 |a Production management. 
650 0 |a Operations research. 
650 0 |a Decision making. 
650 0 |a Control engineering. 
650 0 |a Robotics. 
650 0 |a Mechatronics. 
650 0 |a Engineering economics. 
650 0 |a Engineering economy. 
650 0 |a Regional economics. 
650 0 |a Spatial economics. 
650 1 4 |a Business and Management. 
650 2 4 |a Business Strategy/Leadership. 
650 2 4 |a Operation Research/Decision Theory. 
650 2 4 |a Regional/Spatial Science. 
650 2 4 |a Engineering Economics, Organization, Logistics, Marketing. 
650 2 4 |a Control, Robotics, Mechatronics. 
650 2 4 |a Operations Management. 
700 1 |a Zeimpekis, Vasileios.  |e editor. 
700 1 |a Tarantilis, Christos D.  |e editor. 
700 1 |a Giaglis, George M.  |e editor. 
700 1 |a Minis, Ioannis.  |e editor. 
710 2 |a SpringerLink (Online service) 
773 0 |t Springer eBooks 
776 0 8 |i Printed edition:  |z 9780387717210 
830 0 |a Operations Research/Computer Science Interfaces Series,  |x 1387-666X ;  |v 38 
856 4 0 |u http://dx.doi.org/10.1007/978-0-387-71722-7  |z Full Text via HEAL-Link 
912 |a ZDB-2-SBE 
950 |a Business and Economics (Springer-11643)